[Event "AUT-ch Open 2020"]
[Site "Graz"]
[Date "2020.02.18"]
[Round "5.3"]
[White "Janzelj, Tim"]
[Black "Meshkovs, Nikita"]
[Result "0-1"]
[WhiteElo "2451"]
[BlackElo "2566"]
[Annotator "TA"]
[PlyCount "98"]
[EventDate "2020.02.14"]
[EventType "swiss"]
[EventCountry "AUT"]
[SourceTitle "playchess.com"]
[Source "ChessBase"]
[SourceQuality "1"]

{[%evp 11,98,16,27,18,18,16,18,23,27,27,23,29,17,0,0,-43,-37,-32,-34,-33,-34,-37,-25,-28,-14,-54,-15,-52,-10,-15,-6,-48,-50,-62,-29,-68,21,22,41,25,25,0,0,0,0,0,0,0,27,22,31,31,38,33,84,8,10,11,10,21,32,0,238,235,231,103,103,-162,1051,-162,-162,-176,-176,-176,-164,-696,-672,-451,-193,-29961,-29960,-29963,-29967,-29977,-29978,-29979,-29980,-29980,-29981]} 1. e4 c5 2. Nf3 e6 3. g3 Nc6 4. Bg2 Nf6 5. Nc3 a6 6. O-O Qc7 7. Re1 {B40: Sicilian: 2...e6, Unusual lines.} Be7 8. e5 Ng4 {[%cal Rc6e5]} 9. Qe2 {The position is equal.} f6 10. exf6 Nxf6 11. d3 O-O 12. Bf4 d6 13. Ne4 e5 14. Nxf6+ Bxf6 15. Be3 Bg4 16. h3 Bh5 17. c3 Rae8 18. g4 Bf7 19. Nd2 Nd8 20. Ne4 Be7 21. c4 Ne6 22. Nc3 Bg5 23. Qf3 Qd8 (23... Nd4 $15 24. Qd1 (24. Qxb7 Qxb7 25. Bxb7 Rb8 $15) 24... Bh4) 24. Qxb7 $11 h5 25. Bxg5 Nxg5 26. Ne4 hxg4 27. hxg4 Nxe4 28. Rxe4 Qh4 29. Rf1 Re6 {...Rh6 is the strong threat.} 30. f4 Rh6 {aiming for ...d5.} 31. Rf3 Qxg4 32. fxe5 Qh5 ({Black should play} 32... Qg5 $14) 33. Ref4 ({White should try} 33. exd6 $16 {Strongly threatening d7.} Qh2+ 34. Kf1) 33... dxe5 34. Rf5 $36 {[%mdl 2048] White is pushing.} Qh2+ 35. Kf1 {[%cal Rf5f7]} Rg6 36. Rf2 {[%cal Rf5f7]} (36. Rh3 $5 {[%cal Rh3h2]} Qxg2+ {[%mdl 64] Remove Defender} 37. Qxg2 Rxg2 38. Kxg2 Bd5+ 39. cxd5 Rxf5 40. Rh1 $14) 36... Rf6 $2 (36... Qh6 $1 $11 37. Rxf7 Qc1+ 38. Ke2 Qc2+ 39. Ke3 Qc1+ 40. Ke2 (40. Ke4 Qe1+ {[%mdl 64] Double Attack} 41. Kd5 Rd8+ 42. Rd7 Rxd7+ 43. Qxd7 Qxf2 $15 {[%mdl 64] Double Attack}) 40... Qc2+ 41. Ke3 Qc1+ 42. Ke2 (42. Ke4 Qe1+ {[%mdl 64] Double Attack} 43. Kd5 Rd8+ 44. Rd7 Rxd7+ 45. Qxd7 Qxf2 $15 {[%mdl 64] Double Attack})) 37. Rxf6 $18 gxf6 38. Rxf6 (38. Ke2 $18 {has better winning chances.}) 38... Qh4 39. Rf2 $2 {[%mdl 8192]} (39. Rf5 $16 {stays on course.}) 39... Qxf2+ $1 $19 40. Kxf2 Bd5+ $1 {[%mdl 64] [#] Discovered Attack} 41. Ke3 Bxb7 42. Bxb7 {[%mdl 4096] Endgame KR-KB} Kf7 43. b4 $2 (43. Bxa6 Ra8 44. Bb5) 43... cxb4 44. d4 Ke6 (44... exd4+ $142 45. Kxd4 a5) 45. Bxa6 $2 {[#]} (45. c5 $19) 45... Ra8 {Black mates.} 46. Bb5 Rxa2 47. Ke4 Rd2 48. dxe5 b3 49. c5 b2 {Accuracy: White = 57%, Black = 73%.} 0-1

[Event "AUT-ch Open 2020"]
[Site "Graz"]
[Date "2020.02.18"]
[Round "5.3"]
[White "Schnider, Gert"]
[Black "Ohanyan, Emin"]
[Result "1/2-1/2"]
[WhiteElo "2429"]
[BlackElo "2209"]
[Annotator "TA"]
[PlyCount "94"]
[EventDate "2020.02.14"]
[EventType "swiss"]
[EventCountry "AUT"]
[SourceTitle "playchess.com"]
[Source "ChessBase"]
[SourceQuality "1"]

{[%evp 9,94,39,47,45,46,24,28,22,24,1,18,13,22,24,29,0,0,0,27,19,2,3,43,-30,-31,-98,-99,-105,-105,-105,-105,-104,-105,-103,-103,-106,-108,-102,-111,-106,-106,-112,-70,-70,-70,-70,-69,-69,-69,-70,-13,-69,-73,-68,-60,-65,-45,-42,-35,-43,-29,-33,-36,-62,-33,-45,-39,-75,-81,-106,-43,-52,0,-103,-100,-106,-102,-103,-31,-103,-88,-86,-25,-31,-37,-37,0]} 1. d4 e6 2. c4 b6 3. Nc3 Bb7 4. e4 Bb4 5. Bd3 {[#]} e5 $146 ({Predecessor:} 5... f5 6. Qh5+ g6 7. Qe2 Nf6 8. Bg5 fxe4 9. Bc2 h6 10. Bxf6 Qxf6 11. Bxe4 Nc6 12. Nf3 O-O-O 13. O-O Nxd4 14. Nxd4 Qxd4 15. Rad1 Qf6 16. Bxb7+ Kxb7 {0-1 (75) Dzagnidze,N (2570)-Hou,Y (2673) Beijing 2014}) 6. dxe5 {A40: Unusual replies to 1 d4.} Nc6 7. Nf3 Bxc3+ 8. bxc3 {White has an edge.} Nge7 9. Bg5 O-O 10. O-O Qe8 11. Bc1 Qd8 12. Bg5 Qe8 13. Bc1 Qd8 14. c5 Ng6 15. Bc2 bxc5 16. Ba3 (16. Qd5 $14) 16... Qe7 $11 17. Qd5 (17. Rb1 $15 Ba6 18. Re1) 17... Nb4 $1 $17 {[%cal Rb4d5][%mdl 64] [#] Double Attack, Discovered Attack} ({Of course not} 17... Ngxe5 $6 18. Nxe5 (18. Bxc5 Nxf3+ 19. gxf3 d6 $15) 18... Qxe5 19. Qxe5 $11 (19. Qxc5 d6 $11) (19. Qxd7 Qxc3 20. Bb3 Nd4 $15) (19. Bxc5 d6 $11)) 18. Qd2 Nxc2 19. Qxc2 Nxe5 20. Nxe5 Qxe5 21. Rae1 Rfe8 {[%cal Rb7e4]} 22. f4 Bxe4 {Threatens to win with ...Qf5.} 23. fxe5 Bxc2 24. Bxc5 Bd3 25. Rf2 d6 26. Rd1 $1 dxc5 27. Rxd3 Rxe5 $15 {[%mdl 4096] Endgame KRR-KRR} 28. Rd7 Re1+ 29. Rf1 Rxf1+ $1 30. Kxf1 {KR-KR} Rc8 $1 31. Rd5 Kf8 32. Rxc5 c6 33. Ke2 Ke7 34. Ra5 Rc7 35. Kd3 Kd6 36. Kd4 Re7 37. g3 g6 38. Ra6 f5 39. c4 {White wants to play c5+.} Re4+ (39... Rc7 $17) 40. Kd3 Re7 ({Better is} 40... Kc5 $15) 41. Kd4 $1 $17 {and if c5+ works, White does fine.} Rc7 42. h4 h6 43. Ra5 Rf7 (43... Re7 $17 {White must now prevent ...Re4+.} 44. h5 Re4+ 45. Kc3 Re3+ 46. Kd2 Rxg3 47. hxg6 f4) 44. Ra6 (44. Ke3 $15) 44... Rd7 45. Ra5 h5 ({Black should try} 45... Re7 $17 {aiming for ...Re4+.} 46. h5 Re4+ 47. Kd3 Rg4 48. hxg6 Rxg3+ 49. Kd2 f4) 46. Ra6 Rc7 47. Ra3 Rd7 {Accuracy: White = 78%, Black = 79%.} 1/2-1/2

[Event "AUT-ch Open 2020"]
[Site "Graz"]
[Date "2020.02.18"]
[Round "5.4"]
[White "David, Alexandru-Vasile"]
[Black "Istratescu, Andrei"]
[Result "1/2-1/2"]
[WhiteElo "2436"]
[BlackElo "2552"]
[Annotator "TA"]
[PlyCount "67"]
[EventDate "2020.02.14"]
[EventType "swiss"]
[EventCountry "AUT"]
[SourceTitle "playchess.com"]
[Source "ChessBase"]
[SourceQuality "1"]

{[%evp 24,63,0,-8,-4,0,0,-8,5,4,9,10,6,6,20,3,3,0,3,3,10,0,0,0,0,0,0,0,0,0,0,0,0,0,0,0,0,0,0,0,0,0]} 1. d4 d5 2. c4 c6 3. cxd5 cxd5 4. Nc3 Nf6 5. Nf3 Nc6 6. Bf4 Bf5 7. e3 e6 8. Bd3 Bxd3 9. Qxd3 Bd6 10. Bxd6 Qxd6 11. O-O O-O 12. Rac1 Rfc8 13. h3 {The position is equal.} h6 {D14: Slav Defence: Exchange variation with ...Bf5.} 14. Rfd1 a6 15. Na4 {Nb6 is the strong threat.} Nd7 16. Nc5 Nxc5 17. Rxc5 Ne7 18. Rdc1 Rxc5 19. Rxc5 Rc8 20. Rxc8+ (20. Qc3 {looks sharper.} Rxc5 21. Qxc5 Qd8 22. h4 Nf5 23. g3) 20... Nxc8 21. Qc2 Qd8 22. Qc5 Nd6 23. Nd2 Qd7 24. b3 f6 25. Kf1 Kf7 26. Ke2 Qb5+ 27. Qxb5 Nxb5 28. a4 Nd6 29. Nf3 Ke7 30. Ne1 a5 31. Nd3 b6 32. f3 {[#] Accuracy: White = 100%, Black = 100%.} {Predecessor:} g5 $146 33. g4 Kd7 34. Kd2 {½-½ (31) Andriasian,Z (2616)-Gupta,A (2643) Dubai 2012} 1/2-1/2

[Event "AUT-ch Open 2020"]
[Site "Graz"]
[Date "2020.02.18"]
[Round "5.4"]
[White "Nomin-Erdene, Davaademberel"]
[Black "Simonetto, Andrea"]
[Result "1-0"]
[WhiteElo "2417"]
[BlackElo "2158"]
[Annotator "TA"]
[PlyCount "37"]
[EventDate "2020.02.14"]
[EventType "swiss"]
[EventCountry "AUT"]
[SourceTitle "playchess.com"]
[Source "ChessBase"]
[SourceQuality "1"]

{[%evp 18,37,0,-23,22,17,39,48,45,24,29,35,37,37,97,102,160,175,239,240,414,291]} 1. e4 c6 2. d4 d5 3. Nc3 {[%cal Bb1c3,Bc3e4,Be4g3][%mdl 32]} dxe4 4. Nxe4 Bf5 5. Ng3 Bg6 6. N1e2 e6 7. h4 h6 8. Nf4 Bh7 9. Bc4 Nf6 10. c3 Nd5 {10...Nbd7 is becoming the main line. B18: Classical Caro-Kann: 4...Bf5 sidelines.} 11. Qe2 Nxf4 12. Bxf4 Bd6 {White is slightly better.} 13. Be5 Bxe5 14. Qxe5 Rg8 15. Qh5 Qf6 {[#]} (15... Bg6 $14 16. Qe2 Nd7) 16. O-O $1 $16 {[#]} Nd7 $146 {[#]} ({Better is} 16... Bg6 17. Qg4 Nd7) ({Predecessor:} 16... Bg6 17. Qe2 Nd7 18. h5 Bh7 19. d5 cxd5 20. Bxd5 Qe5 21. Bxb7 Qxe2 22. Nxe2 Rb8 {1-0 (73) McShane,L (2490)-Dempsey,P (2050) Bunratty 1998}) 17. Bxe6 $1 {[%mdl 64] Pin} O-O-O ({But not} 17... Qxe6 $2 18. Rfe1 $18) (17... Bg6 $142 18. Bxd7+ Kxd7) 18. Qxf7 $18 ({Resist} 18. Bxf7 $6 g6 $16) 18... Qxh4 $2 (18... Qxf7 {keeps fighting.} 19. Bxf7 Rgf8) 19. Rae1 {Accuracy: White = 92%, Black = 32%.} 1-0

[Event "AUT-ch Open 2020"]
[Site "Graz"]
[Date "2020.02.18"]
[Round "5.5"]
[White "Livaic, Leon"]
[Black "Menezes, Christoph"]
[Result "1-0"]
[WhiteElo "2492"]
[BlackElo "2492"]
[Annotator "RC"]
[PlyCount "141"]
[EventDate "2020.02.14"]
[EventType "swiss"]
[EventCountry "AUT"]
[SourceTitle "playchess.com"]
[Source "ChessBase"]
[SourceQuality "1"]
[TimeControl "40/5400+30:1800+30"]

1. d4 {[%emt 0:01:15]} Nf6 {[%emt 0:00:00]} 2. Nf3 {[%emt 0:01:41]} d5 {[%emt 0:00:01]} 3. c4 {[%emt 0:00:20]} e6 {[%emt 0:00:10]} 4. Nc3 {[%emt 0:01:38]} Bb4 {[%emt 0:00:20]} 5. Bg5 {[%emt 0:00:50]} h6 {[%emt 0:01:14]} 6. Bxf6 {[%emt 0:00:23]} Qxf6 {[%emt 0:00:05]} 7. e3 {[%emt 0:01:00]} O-O {[%emt 0:00:56]} 8. Rc1 {[%emt 0:00:19]} dxc4 {[%emt 0:00:49]} 9. Bxc4 {[%emt 0:00:05]} c5 {[%emt 0:00:28]} 10. O-O {[%emt 0:01:37]} cxd4 {[%emt 0:00:55]} 11. Ne4 {[%emt 0:00:48]} Qe7 {[%emt 0:03:11]} 12. a3 {[%emt 0:03:44]} Ba5 {[%emt 0:01:39]} 13. Qxd4 {[%emt 0:04:13]} Nc6 {[%emt 0:11:18]} 14. Qc5 {[%emt 0:05:20]} Rd8 {[%emt 0:09:11]} 15. Qh5 {[%emt 0:02:25]} Bd7 {[%emt 0:08:06]} 16. g4 {[%emt 0:03:26]} f6 {[%emt 0:05:37]} 17. Rfd1 {[%emt 0:14:00]} Be8 {[%emt 0:08:13]} 18. Qc5 {[%emt 0:00:26]} Kf7 {[%emt 0:06:21]} 19. Rd6 {[%emt 0:27:41]} Rxd6 {[%emt 0:14:48]} 20. Nxd6+ {[%emt 0:00:10]} Kf8 {[%emt 0:00:26]} 21. Nxb7 {[%emt 0:00:38]} Bb6 {[%emt 0:00:50]} 22. Qxe7+ {[%emt 0:01:10]} Kxe7 {[%emt 0:00:09]} 23. Ba6 {[%emt 0:03:13]} Nb8 {[%emt 0:04:36]} 24. Be2 {[%emt 0:00:32]} a5 {[%emt 0:04:41]} 25. Nc5 {[%emt 0:01:21]} a4 {[%emt 0:04:20]} 26. Nd4 {[%emt 0:01:16]} Bxc5 {[%emt 0:05:59]} 27. Rxc5 {[%emt 0:00:25]} Ra7 {[%emt 0:01:13]} 28. Bb5 {[%emt 0:03:34]} Bd7 {[%emt 0:02:38]} 29. Bxd7 {[%emt 0:02:06]} Kxd7 {[%emt 0:00:09]} 30. Rb5 {[%emt 0:01:42]} Nc6 {[%emt 0:00:49]} 31. Nxc6 {[%emt 0:00:45]} Kxc6 {[%emt 0:00:03]} 32. Rb4 {[%emt 0:00:07]} g5 {[%emt 0:00:26]} 33. Kf1 {[%emt 0:00:54]} Kd5 {[%emt 0:02:15]} 34. Ke2 {[%emt 0:00:38]} Kc5 {[%emt 0:00:58]} 35. f3 {[%emt 0:03:25]} f5 {[%emt 0:01:25]} 36. Kd3 {[%emt 0:01:33]} Rd7+ {[%emt 0:00:56]} 37. Kc3 {[%emt 0:02:16]} Ra7 {[%emt 0:00:58]} 38. h3 {[%emt 0:03:41]} Ra8 {[%emt 0:01:07]} 39. Rb7 {[%emt 0:03:07]} Rc8 {[%emt 0:00:51]} 40. Rb4 {[%emt 0:02:07]} Ra8 {[%emt 0:00:55]} 41. Kd3 {[%emt 0:08:14]} Rd8+ {[%emt 0:01:20]} 42. Ke2 {[%emt 0:00:13]} Ra8 {[%emt 0:00:23]} 43. f4 {[%emt 0:00:32]} Ra5 {[%emt 0:10:40]} 44. Kf3 {[%emt 0:04:07]} Ra6 {[%emt 0:05:55]} 45. e4 {[%emt 0:01:38]} fxg4+ {[%emt 0:01:41]} 46. Kxg4 {[%emt 0:00:53]} gxf4 {[%emt 0:00:09]} 47. Kxf4 {[%emt 0:00:05]} Kd6 {[%emt 0:00:09]} 48. Kg4 {[%emt 0:00:31]} Ra5 {[%emt 0:01:21]} 49. h4 {[%emt 0:01:20]} Ke7 {[%emt 0:01:10]} 50. e5 {[%emt 0:01:34]} Rxe5 {[%emt 0:01:38]} 51. Rxa4 {[%emt 0:00:06]} h5+ {[%emt 0:00:29]} 52. Kf4 {[%emt 0:00:57]} Kf6 {[%emt 0:01:35]} 53. b4 {[%emt 0:02:03]} Rd5 {[%emt 0:01:26]} 54. Ke4 {[%emt 0:00:32]} Rd1 {[%emt 0:00:59]} 55. b5 {[%emt 0:01:56]} Rh1 {[%emt 0:00:51]} 56. Ra8 {[%emt 0:06:28]} Rxh4+ {[%emt 0:01:17]} 57. Kd3 {[%emt 0:00:08]} Rh1 {[%emt 0:03:41]} 58. a4 {[%emt 0:01:27]} Rb1 {[%emt 0:01:29]} 59. Kc4 {[%emt 0:00:43]} h4 {[%emt 0:02:03]} 60. Rh8 {[%emt 0:00:29]} Kg5 {[%emt 0:00:54]} 61. a5 {[%emt 0:00:25]} e5 {[%emt 0:01:04]} 62. a6 {[%emt 0:00:29]} Ra1 {[%emt 0:00:31]} 63. Kd5 {[%emt 0:05:42]} Ra5 {[%emt 0:00:47]} 64. Ke4 {[%emt 0:01:38]} Kg4 {[%emt 0:00:44]} 65. Rg8+ {[%emt 0:00:49]} Kh3 {[%emt 0:00:17]} 66. b6 {[%emt 0:00:13]} Rxa6 {[%emt 0:00:08]} 67. b7 {[%emt 0:00:03]} Rb6 {[%emt 0:00:19]} 68. b8=Q {[%emt 0:00:05]} Rxb8 {[%emt 0:00:12]} 69. Rxb8 {[%emt 0:00:03]} Kg3 {[%emt 0:00:34]} 70. Ke3 {[%emt 0:02:44]} Kh2 {[%emt 0:01:08]} 71. Ke4 1-0

[Event "AUT-ch Open 2020"]
[Site "Graz"]
[Date "2020.02.18"]
[Round "5.5"]
[White "Frosch, Erich"]
[Black "Hoefelsauer, Thomas"]
[Result "1/2-1/2"]
[WhiteElo "2210"]
[BlackElo "2390"]
[Annotator "RC"]
[PlyCount "132"]
[EventDate "2020.02.14"]
[EventType "swiss"]
[EventCountry "AUT"]
[SourceTitle "playchess.com"]
[Source "ChessBase"]
[SourceQuality "1"]
[TimeControl "40/5400+30:1800+30"]

1. d4 {[%emt 0:00:00]} d5 {[%emt 0:00:00]} 2. Nf3 {[%emt 0:00:00]} Nf6 {[%emt 0:00:00]} 3. e3 {[%emt 0:00:00]} Bf5 {[%emt 0:00:12]} 4. c4 {[%emt 0:00:00]} c6 {[%emt 0:00:07]} 5. Nc3 {[%emt 0:00:00]} e6 {[%emt 0:00:12]} 6. a3 {[%emt 0:00:05]} Be7 {[%emt 0:01:25]} 7. h3 {[%emt 0:00:18]} Nbd7 {[%emt 0:01:21]} 8. Be2 {[%emt 0:01:49]} h6 {[%emt 0:00:36]} 9. b4 {[%emt 0:00:20]} O-O {[%emt 0:04:05]} 10. Bb2 {[%emt 0:00:05]} a5 {[%emt 0:06:16]} 11. b5 {[%emt 0:00:27]} cxb5 {[%emt 0:01:34]} 12. Nxb5 {[%emt 0:03:46]} dxc4 {[%emt 0:02:12]} 13. Bxc4 {[%emt 0:00:28]} Rc8 {[%emt 0:01:06]} 14. Bd3 {[%emt 0:02:58]} Bxd3 {[%emt 0:03:49]} 15. Qxd3 {[%emt 0:00:10]} Nc5 {[%emt 0:00:56]} 16. Qe2 {[%emt 0:00:11]} Na4 {[%emt 0:01:15]} 17. O-O {[%emt 0:00:20]} Qd5 {[%emt 0:01:34]} 18. Rac1 {[%emt 0:05:44]} Qb3 {[%emt 0:07:14]} 19. Ba1 {[%emt 0:05:59]} Ne4 {[%emt 0:04:59]} 20. Rb1 {[%emt 0:02:38]} Qc2 {[%emt 0:05:01]} 21. Qe1 {[%emt 0:06:08]} b6 {[%emt 0:03:02]} 22. d5 {[%emt 0:04:21]} exd5 {[%emt 0:01:21]} 23. Nfd4 {[%emt 0:00:44]} Qc5 {[%emt 0:10:48]} 24. f3 {[%emt 0:08:13]} Nd6 {[%emt 0:06:15]} 25. Qg3 {[%emt 0:01:59]} g6 {[%emt 0:09:54]} 26. Rfe1 {[%emt 0:10:06]} Nxb5 {[%emt 0:02:21]} 27. Nxb5 {[%emt 0:00:55]} Rfe8 {[%emt 0:10:59]} 28. Qe5 {[%emt 0:05:44]} f6 {[%emt 0:00:19]} 29. Qf4 {[%emt 0:00:12]} Qc2 {[%emt 0:01:21]} 30. Qxh6 {[%emt 0:01:08]} Qf5 {[%emt 0:01:45]} 31. Bd4 {[%emt 0:03:52]} Qg5 {[%emt 0:02:07]} 32. Qxg5 {[%emt 0:00:19]} fxg5 {[%emt 0:00:01]} 33. Kf2 {[%emt 0:03:39]} Rc2+ {[%emt 0:00:55]} 34. Re2 {[%emt 0:00:26]} Rec8 {[%emt 0:00:34]} 35. Rd1 {[%emt 0:01:27]} Kf7 {[%emt 0:02:39]} 36. Be5 {[%emt 0:00:53]} Rxe2+ {[%emt 0:01:04]} 37. Kxe2 {[%emt 0:00:12]} Rc5 {[%emt 0:00:18]} 38. Rb1 {[%emt 0:01:11]} Rc2+ {[%emt 0:01:27]} 39. Kf1 {[%emt 0:00:38]} Bc5 {[%emt 0:02:38]} 40. Rb3 {[%emt 0:02:04]} Ra2 {[%emt 0:01:13]} 41. Kg1 {[%emt 0:31:46]} Ke6 {[%emt 0:33:39]} 42. Bg7 {[%emt 0:03:25]} Rd2 {[%emt 0:00:00]} 43. Kh2 {[%emt 0:00:00]} Kf7 {[%emt 0:00:00]} 44. Be5 {[%emt 0:00:00]} Ke6 {[%emt 0:00:00]} 45. Bg7 {[%emt 0:00:00]} Kf7 {[%emt 0:00:00]} 46. Be5 {[%emt 0:00:00]} Re2 {[%emt 0:00:00]} 47. Nd4 {[%emt 0:00:00]} Rb2 {[%emt 0:00:00]} 48. Rd3 {[%emt 0:00:00]} Rb1 {[%emt 0:00:00]} 49. Kg3 {[%emt 0:00:00]} Re1 {[%emt 0:00:00]} 50. Rb3 {[%emt 0:00:00]} Rc1 {[%emt 0:00:00]} 51. Nb5 {[%emt 0:00:00]} Ke6 {[%emt 0:00:00]} 52. Bg7 {[%emt 0:00:00]} Be7 {[%emt 0:00:00]} 53. Kg4 {[%emt 0:00:00]} Nc5 {[%emt 0:00:00]} 54. Rb2 {[%emt 0:01:01]} Nd3 {[%emt 0:00:00]} 55. Rd2 {[%emt 0:00:58]} Ne5+ {[%emt 0:00:00]} 56. Bxe5 {[%emt 0:00:45]} Kxe5 {[%emt 0:00:00]} 57. f4+ {[%emt 0:00:23]} gxf4 {[%emt 0:01:33]} 58. exf4+ {[%emt 0:00:14]} Ke6 {[%emt 0:00:11]} 59. Nd4+ {[%emt 0:03:22]} Kf6 {[%emt 0:00:01]} 60. Rd3 {[%emt 0:01:32]} Ra1 {[%emt 0:01:11]} 61. Nb5 {[%emt 0:00:59]} Ke6 {[%emt 0:01:35]} 62. Nc7+ {[%emt 0:00:31]} Kf7 {[%emt 0:02:54]} 63. Nxd5 {[%emt 0:00:30]} Rxa3 {[%emt 0:00:15]} 64. Rxa3 {[%emt 0:00:24]} Bxa3 {[%emt 0:00:02]} 65. Nxb6 {[%emt 0:00:12]} Bc5 {[%emt 0:00:18]} 66. Na4 {[%emt 0:00:26]} Bd4 {[%emt 0:00:16]} 1/2-1/2

[Event "AUT-ch Open 2020"]
[Site "Graz"]
[Date "2020.02.18"]
[Round "5.6"]
[White "Megalios, Konstantinos"]
[Black "Froewis, Georg"]
[Result "1/2-1/2"]
[WhiteElo "2461"]
[BlackElo "2461"]
[Annotator "TA"]
[PlyCount "63"]
[EventDate "2020.02.14"]
[EventType "swiss"]
[EventCountry "AUT"]
[SourceTitle "playchess.com"]
[Source "ChessBase"]
[SourceQuality "1"]

{[%evp 9,63,20,25,21,33,31,35,24,26,52,37,31,29,22,39,27,69,73,56,62,123,71,72,56,56,66,77,67,58,54,45,51,48,46,41,41,85,81,91,2,29,33,28,14,74,24,29,40,26,30,22,28,45,34,44,37]} 1. d4 d5 2. c4 e6 3. Nf3 a6 4. Nbd2 Nf6 5. g3 c5 6. Bg2 {D30: Queen's Gambit Declined: Systems without Nc3.} Nc6 7. O-O cxd4 8. cxd5 Nxd5 9. Nb3 $1 Be7 10. Nfxd4 {[#]} Bd7 $146 ({Predecessor:} 10... Nxd4 11. Nxd4 O-O 12. e4 Nf6 13. Be3 e5 14. Nf5 Bxf5 15. exf5 e4 16. h3 Rc8 {1-0 (53) Inarkiev,E (2686)-Matsenko,S (2537) Cheliabinsk 2016}) 11. Nxc6 Bxc6 12. Nd4 Rc8 13. Qb3 O-O 14. Rd1 {Strongly threatening e4.} Qc7 {[#]} ({Black should try} 14... Qa5 $14) 15. Nxc6 (15. e4 $142 $1 {[%cal Re4d5]} Nf6 {[#]} 16. Nxe6 $1 {[%mdl 512]} fxe6 17. Bf4) 15... bxc6 $16 16. e4 Nf6 17. Qc2 Rfd8 18. Bf4 Qb6 19. Be3 c5 20. Rxd8+ Rxd8 21. h3 Nd7 22. Rd1 Ne5 {Threatening ...Rxd1+.} 23. Rxd8+ Qxd8 24. Qa4 ({Don't play} 24. Bxc5 $6 Qc7 $11) (24. f4 $16 Qd3 25. Qxd3 Nxd3 26. Bf1) 24... Qb6 25. Bf1 h5 26. b3 a5 (26... h4 $11 {remains equal.}) 27. Qe8+ Bf8 28. Qb5 Qc7 29. Be2 h4 30. gxh4 Nc6 31. Bxc5 Na7 $1 {[%cal Ra7b5]} 32. Bxa7 $1 {Accuracy: White = 85%, Black = 73%.} 1/2-1/2